| 000 -ლიდერი |
| ფიქსირებული სიგრძის საკონტროლო ველი |
02226nam a22003017a 4500 |
| 003 - საკონტროლო ნომრის იდენტიფიკატორი |
| საკონტროლო ველი |
Ge_BSU |
| 005 - ბოლო ოპერაციის თარიღი და დრო |
| საკონტროლო ველი |
20230123122903.0 |
| 008 - ფიქსირებული სიგრძის მონაცემთა ელემენტები - ზოგადი ინფორმაცია |
| ფიქსირებული სიგრძის საკონტროლო ველი |
230123s2016 ge ||||| |||| 00| 0 geo d |
| 020 ## - წიგნის საერთაშორისო სტანდარტული ნომერი |
| International Standard Book Number |
9789941250224 |
| 041 ## - ენის კოდი |
| Language code of text/sound track or separate title |
geo |
| 080 ## - უნივერსალური ათობითი კლასიფიკაციის ინდექსი |
| Universal Decimal Classification number |
634(479.22) : 631.54(479.22) ხ-47 |
| 245 ## - ცნობა სათაურის შესახებ |
| Title |
ხეხილის მოვლა-მოყვანის თანამედროვე ტექნოლოგიები : (აგროწესები) / |
| Remainder of title |
|
| Statement of responsibility, etc |
ავტორები: გურამ ალექსიძე, გივი ბადრიშვილი, იუზა ვასაძე [და სხვ.] ; რედაქტორები: იური ნოზაძე, არჩილ კაჭარავა ; საქ. სოფლის მეურნეობის სამინისტრო, საქ. სოფლის მეურნეობის მეცნ. აკადემია. |
| 264 ## - წარმოების, გამოცემის, დისტრიბუციის და სხვა ცნობები |
| გამოცემის, წარმოების, დისტრიბუციის... ადგილი |
თბილისი : |
| გამოცემის, წარმოების, დისტრიბუციის... სახელწოდება |
მერიდიანი, |
| გამოცემის, წარმოების, დისტრიბუციის... თარიღი |
2016. |
| 300 ## - ფიზიკური აღწერა |
| Extent |
238 გვ. ; |
| Other physical details |
20 სმ. |
| 500 ## - ზოგადი შენიშვნა |
| General note |
წიგნი გამოიცა ავტორების დაფინანსებით. |
| 653 ## - INDEX TERM--UNCONTROLLED |
| Uncontrolled term |
მეხილეობა საქართველოში |
| 653 ## - INDEX TERM--UNCONTROLLED |
| Uncontrolled term |
ხეხილის მოვლა |
| 700 ## - ADDED ENTRY--PERSONAL NAME |
| Personal name |
ალექსიძე, გურამ |
| Relator term |
ავტორი |
| 9 (RLIN) |
7983 |
| 700 ## - ADDED ENTRY--PERSONAL NAME |
| Personal name |
ბადრიშვილი, გივი |
| Relator term |
ავტორი |
| 9 (RLIN) |
6643 |
| 700 ## - ADDED ENTRY--PERSONAL NAME |
| Personal name |
ვასაძე, იუზა |
| Relator term |
ავტორი |
| 9 (RLIN) |
16745 |
| 700 ## - ADDED ENTRY--PERSONAL NAME |
| Personal name |
კვალიაშვილი, ვაჟა |
| Relator term |
ავტორი |
| 9 (RLIN) |
16746 |
| 700 ## - ADDED ENTRY--PERSONAL NAME |
| Personal name |
ონიანი, ჯუმბერ |
| Relator term |
ავტორი |
| 9 (RLIN) |
16747 |
| 700 ## - ADDED ENTRY--PERSONAL NAME |
| Personal name |
შაფაქიძე, ელგუჯა |
| Relator term |
ავტორი |
| 9 (RLIN) |
16748 |
| 700 ## - ADDED ENTRY--PERSONAL NAME |
| Personal name |
ნოზაძე, იური |
| Relator term |
რედაქტორი |
| 9 (RLIN) |
16749 |
| 700 ## - ADDED ENTRY--PERSONAL NAME |
| Personal name |
კაჭარავა, არჩილ |
| Relator term |
რედაქტორი |
| 9 (RLIN) |
16750 |
| 710 ## - ADDED ENTRY--CORPORATE NAME |
| Corporate name or jurisdiction name as entry element |
საქ. სოფლის მეურნეობის სამინისტრო. |
| Subordinate unit |
საქ. სოფლის მეურნეობის მეცნ. აკადემია. |
| 9 (RLIN) |
16751 |
| 942 ## - ADDED ENTRY ELEMENTS (KOHA) |
| Source of classification or shelving scheme |
|
| Koha item type |
წიგნი |